Cuentos de guerra chilenos: selección

Salvato in:
Dettagli Bibliografici
Natura: Libro
Lingua:spagnolo
Pubblicazione: Santiago Del Nuevo Extremo 1958
Soggetti:
Tags: Aggiungi Tag
Nessun Tag, puoi essere il primo ad aggiungerne!!

MARC

LEADER 00000nam a2200000 a 4500
001 UCY6017
003 CL-VaPUC
008 950521e19580000CL |||||||||||||||||spa|d
082 0 4 |a Ch863  |b CUE  |2 21 
245 1 0 |a Cuentos de guerra chilenos: selección 
300 |a 122 p 
942 |c BK 
945 |d 19950521 00:00:00  |a rbrito 
260 |a Santiago  |b Del Nuevo Extremo  |c 1958 
650 0 |a Cuentos chilenos   |9 308280 
583 |a last modification  |c 19950521 00:00:00  |k Rodrigo Vera 
999 |c 233608  |d 233606 
952 |0 0  |1 0  |4 0  |6 CH_863_000000000000000_CUE_1958  |7 0  |8 A  |9 239237  |a BIBEDU  |b BIBEDU  |d 2019-11-18  |i 2002124  |o Ch863 CUE 1958  |p 2002124  |r 2019-11-18  |w 2019-11-18  |y BK  |k LIT